| 000 | 00733nam a22002177a 4500 | ||
|---|---|---|---|
| 999 |
_c195291 _d195291 |
||
| 005 | 20230316145129.0 | ||
| 010 | _aENG-136450 | ||
| 020 |
_c500.00 _a9788194205289 |
||
| 035 | _aEN-119982 | ||
| 037 | _bDBAD/PUB | ||
| 082 | _a302.35 | ||
| 245 |
_aInnovative Developments In Arts Social And Manegement Sciences : _cEdited By K.Muthuchelian [et.al] _bChallenges &Opportunities / |
||
| 250 | _aFirst | ||
| 260 |
_bVirudhunagar Hindu Nadas Senthikmara Nagar College _aTamil Nadu _c2020 |
||
| 270 |
_a3/151-1, College Road Virudhunagar _bTamil Nadu _e626001 |
||
| 300 |
_a197p. _c25cm(pbk) |
||
| 700 | _aPandian, Sundara | ||
| 700 | _aJeyakumaran, N | ||
| 700 | _aPandiarajan, J | ||
| 942 |
_2ddc _cEN _h302.35 _mINN |
||